Cinta akhir zaman

Bibliographic Details
Main Author: Nasrullah Amran
Format: Book
Published: Selangor : Cresent News , 2021
Subjects:

MARC

LEADER 00000cam a2200000 7i4500
001 0000089894
005 20230125125737.0
008 220830
020 |a 9789674091286 
041 |a Malay 
090 0 0 |a NAS   |b MAL 
100 0 |a Nasrullah Amran 
245 0 0 |a Cinta akhir zaman   |c Nasrullah Amran 
260 |a Selangor :   |b Cresent News ,   |c 2021 
300 |a 308 p. ;   |c 18.3 cm. 
541 |c Purchase on 2022   |f E220106 ABR   |h RM26.90 
650 0 |a Malay fiction 
650 0 |a Malaysian fiction (Malay) 
730 0 |a Judul 
999 |a 0001686604   |b Book   |c Adult Collection   |e Cawangan Muar 
999 |a 0001686605   |b Book   |c Adult Collection   |e Perbadanan Perpustakaan Awam Johor 
999 |a 0001686606   |b Book   |c Adult Collection   |e Cawangan Tangkak 
999 |a 0001686607   |b Book   |c Adult Collection   |e Cawangan Segamat 
999 |a 0001686608   |b Book   |c Adult Collection   |e Cawangan Taman Universiti 
999 |a 0001686609   |b Book   |c Adult Collection   |e Cawangan Kota Tinggi 
999 |a 0001686610   |b Book   |c Adult Collection   |e Cawangan Bandar Tenggara 
999 |a 0001686611   |b Book   |c Adult Collection   |e Cawangan Bukit Gambir 
999 |a 0001686612   |b Book   |c Adult Collection   |e Cawangan Taman Sri Lambak 
999 |a 0001686613   |b Book   |c Adult Collection   |e Cawangan Pontian 
999 |a 0001686614   |b Book   |c Adult Collection   |e Cawangan Bandar Penawar 
999 |a 0001686615   |b Book   |c Adult Collection   |e Perbadanan Perpustakaan Awam Johor 
999 |a 0001686616   |b Book   |c Adult Collection   |e Cawangan Tmn. Ungku Tun Aminah 
999 |a 0001686617   |b Book   |c Adult Collection   |e Cawangan Batu Pahat 
999 |a 0001686618   |b Book   |c Adult Collection   |e Cawangan Mersing 
999 |a 0001686619   |b Book   |c Adult Collection   |e Cawangan Urban Transformation Centre 
999 |a 0001686620   |b Book   |c Adult Collection   |e Cawangan AEON Kulaijaya 
999 |a 0001686621   |b Book   |c Adult Collection   |e Perbadanan Perpustakaan Awam Johor 
999 |a 0001687465   |b Book   |c Adult Collection   |e Cawangan Taman Universiti 
999 |a 0001687958   |b Book   |c Adult Collection   |e Desa - PPAJ 
999 |a 0001687959   |b Book   |c Adult Collection   |e Desa - PPAJ 
999 |a 0001687960   |b Book   |c Adult Collection   |e Desa - PPAJ 
999 |a 0001687961   |b Book   |c Adult Collection   |e Desa - PPAJ 
999 |a 0001687962   |b Book   |c Adult Collection   |e Desa - PPAJ 
999 |a 0001687963   |b Book   |c Adult Collection   |e Desa - PPAJ 
999 |a 0001687964   |b Book   |c Adult Collection   |e Desa - PPAJ 
999 |a 0001687965   |b Book   |c Adult Collection   |e Desa - PPAJ 
999 |a 0001687966   |b Book   |c Adult Collection   |e Desa - PPAJ 
999 |a 0001687967   |b Book   |c Adult Collection   |e Desa - PPAJ 
999 |a 0001687968   |b Book   |c Adult Collection   |e Desa - PPAJ 
999 |a 0001687969   |b Book   |c Adult Collection   |e Desa - PPAJ 
999 |a 0001687970   |b Book   |c Adult Collection   |e Desa - PPAJ 
999 |a 0001687971   |b Book   |c Adult Collection   |e Desa - PPAJ 
999 |a 0001687972   |b Book   |c Adult Collection   |e Desa - PPAJ 
999 |a 0001687973   |b Book   |c Adult Collection   |e Desa - PPAJ 
999 |a 0001687974   |b Book   |c Adult Collection   |e Desa - PPAJ 
999 |a 0001687975   |b Book   |c Adult Collection   |e Desa - PPAJ 
999 |a 0001687976   |b Book   |c Adult Collection   |e Desa - PPAJ 
999 |a 0001687977   |b Book   |c Adult Collection   |e Desa - PPAJ 
999 |a 0001687978   |b Book   |c Adult Collection   |e Desa - PPAJ 
999 |a 0001687979   |b Book   |c Adult Collection   |e Desa - PPAJ 
999 |a 0001687980   |b Book   |c Adult Collection   |e Desa - PPAJ 
999 |a 0001687981   |b Book   |c Adult Collection   |e Desa - PPAJ 
999 |a 0001687982   |b Book   |c Adult Collection   |e Desa - PPAJ 
999 |a 0001687983   |b Book   |c Adult Collection   |e Desa - PPAJ 
999 |a 0001687984   |b Book   |c Adult Collection   |e Desa - PPAJ 
999 |a 0001687985   |b Book   |c Adult Collection   |e Desa - PPAJ 
999 |a 0001687986   |b Book   |c Adult Collection   |e Desa - PPAJ 
999 |a 0001687987   |b Book   |c Adult Collection   |e Desa - PPAJ 
999 |a 0001687988   |b Book   |c Adult Collection   |e Desa - PPAJ 
999 |a 0001687989   |b Book   |c Adult Collection   |e Desa - PPAJ 
999 |a 0001687990   |b Book   |c Adult Collection   |e Desa - PPAJ 
999 |a 0001687991   |b Book   |c Adult Collection   |e Desa - PPAJ 
999 |a 0001687992   |b Book   |c Adult Collection   |e Desa - PPAJ 
999 |a 0001687993   |b Book   |c Adult Collection   |e Desa - PPAJ 
999 |a 0001687994   |b Book   |c Adult Collection   |e Desa - PPAJ 
999 |a 0001687995   |b Book   |c Adult Collection   |e Desa - PPAJ 
999 |a 0001687996   |b Book   |c Adult Collection   |e Desa - PPAJ 
999 |a 0001687997   |b Book   |c Adult Collection   |e Desa - PPAJ 
999 |a 0001687998   |b Book   |c Adult Collection   |e Desa - PPAJ